000 00664nam a2200241Ia 4500
005 20250425162400.0
008 250425s9999 xx 000 0 und d
020 _a9789978340202
041 _aspa
043 _aec
082 _a986.6
100 _aVITERI PAREDES, PATRICIO
245 0 _aIDEARIO ALFREDO PEREZ GUERRERO (1901-1966)
250 _a1A ED.
260 _aEcuador
_bUNIVERSIDAD ALFREDO PEREZ GUERRERO
_c2007
260 _aQUITO
300 _a141
500 _aEDITORES PATRICIO VITERI PAREDES, PATRICIO HERRERA CRESPO
650 _aPENSAMIENTOS E IDEAS
710 _aUNIVERSIDAD ALFREDO PEREZ GUERRERO
942 _c01
010 _a67829
999 _c228099
_d228099